000 01096nam a2200301 i 4500
003 EG-GICUC
005 20260301135019.0
008 260301s1984 sz ||||fr|||| 00| 0 fre d
020 _a9024730791
040 _aEG-GiCUC
_bfre
_cEG-GiCUC
_dEG-GiCUC
_eRda
082 0 4 _221
_a341.65
_bSW . S
092 0 4 _221
099 _aLaw1 11 341.65 SW . S 1984
100 1 _aSwinarski, Christophe
_eAuteur
245 1 0 _aStudies and Essays on International Humanitarian Law and Red Cross Principles :
_bEn L'honneur De In Honour of Jean Picтет /
_cChristophe Swinarski.
_n
264 1 _aGenève :
_bComité International De La Croix-rouge International Committee of the Red Cross,
_c1984.
300 _a1143page :
_billustration ;
_c 24 cm.
336 _2rda contenu
_a texte
337 _2rda medias
_aOrdinateur
338 _2 transporteur rda
_a Ressource en ligne
504 _a
546 _aTexte en français
650 1 4 _aDroit international public
_2
651 1 _2
856 4 0 _uhttps://fll.law.cu.edu.eg/fulltext/bks/B11-09195.pdf
905 _a50
942 _2ddc
_cBK
_e21
_n0
999 _c64486
_d64486